000 00449nam a2200169 4500
001 VA41284
003 ES-SlBCS
005 20210601154104.0
008 140520s1985 xxu||||| |||| 00| 0 spa d
041 _aspa
100 1 _aKertesz, Roberto
_943597
245 1 0 _aAnĂ¡lisis transaccional en vivo
_cRoberto Kertesz
260 _aBuenos Aires :
_bIPPEM
_c, 1985
300 _a170 p.;
_c21 cm
650 _aAnĂ¡lisis Transaccional
_9143289
942 _cBK
999 _c799955
_d799955